Một số suy nghĩ về giáo dục pháp luật cho trẻ vị thành niên của gia đình sỹ quan trẻ hiện nay /

Gorde:
Xehetasun bibliografikoak
Egile nagusia: Đào Văn Minh.
Formatua: Artikulua
Hizkuntza:Vietnamese
Gaiak:
Etiketak: Etiketa erantsi
Etiketarik gabe, Izan zaitez lehena erregistro honi etiketa jartzen!
Thư viện lưu trữ: Thư viện Trường Đại học Đà Lạt
LEADER 00863nam a2200277 4500
001 DLU210195791
005 ##20210304
040 # # |a DLU  |b vie 
041 # # |a vie 
044 # # |a vn 
100 # # |a Đào Văn Minh. 
245 # # |a Một số suy nghĩ về giáo dục pháp luật cho trẻ vị thành niên của gia đình sỹ quan trẻ hiện nay /  |c Đào Văn Minh. 
653 # # |a Gia đình  
653 # # |a Giáo dục pháp luật 
653 # # |a Tâm sinh lý 
653 # # |a Trẻ vị thành niên 
773 # # |t Nghiên cứu gia đình và giới  |g Số 2, 2019, tr. 84-89 
920 # # |a Phòng Tạp chí -- Trung tâm Thông tin - Thư viện Trường Đại học Đà Lạt 
994 # # |a DLU 
900 # # |a True 
911 # # |a Hoàng Thị Huyền 
925 # # |a G 
926 # # |a A 
927 # # |a BB 
980 # # |a Thư viện Trường Đại học Đà Lạt